| 000 | 00889nam a22001937a 4500 | ||
|---|---|---|---|
| 008 | 110818t xxu||||| |||| 00| 0 eng d | ||
| 020 | _a0324318928 9780324318920 | ||
| 050 | _aHF5549.M42 | ||
| 100 | _aMathis, Robert L. | ||
| 245 |
_aHuman resource management _cRobert L. Mathis; John H. Jackson |
||
| 250 | _a10th ed, international student ed. | ||
| 260 |
_aAustralia _aMason, Ohio _bThomson/South-Western _c2004. |
||
| 300 |
_av, 421 p. _bcol. illus _c27 cm |
||
| 500 | _aIncludes indexes | ||
| 505 | _aContents: Section 1. Nature of Human Resource Management -- Section 2. Staffing the Organization -- Section 3. Training and Developing Human Resources -- Section 4. Compensation and Employee Relations -- Appendices: Appendix A. Current Literature in HR Management -- Appendix B. Starting a Career | ||
| 650 | _aPersonnel management | ||
| 700 | _aJackson, John H. | ||
| 942 |
_2ddc _cBK |
||
| 999 |
_c9 _d7509 |
||